000 00445nam a2200205Ia 4500
001 13832
003 GE_BSU
008 181216s||||||||xx |||||||||||||| ||und||
020 _a0006477100
040 _cGE_BSU
080 _a821.111-3
100 _aDobbs,Michael
245 _aGoodfellowe MP
260 _aLondon
260 _bHarper Collins Publishers
260 _c1997
300 _a338p.18cm.
653 _aGoodfellowe MP
942 _cBK
999 _c46978
_d46978